Diferenciace sazeb důchodového pojistného pro rodiny s dětmi

Teoretický koncept závislosti výšky dôchodkového poistného na počte vychovaných detí v dôchodkovom systéme. Identifikácia jeho slabých a silných miest. Zohľadnenie doby výchovy detí v dôchodkovom systéme krajín EÚ. Koncept závislosti poistného na počte vychovávaných detí. Makroekonomická a mikroekon...

Full description

Saved in:
Bibliographic Details
Main Author: Holub, Martin
Format: Book Chapter
Language:Czech
Subjects:
Tags: Add Tag
No Tags, Be the first to tag this record!

MARC

LEADER 00000naa a2200000 4500
001 0220109
005 20230918100244.9
041 0 |a cze 
044 |a SK 
245 1 0 |a Diferenciace sazeb důchodového pojistného pro rodiny s dětmi  |c Martin Holub 
520 |a Teoretický koncept závislosti výšky dôchodkového poistného na počte vychovaných detí v dôchodkovom systéme. Identifikácia jeho slabých a silných miest. Zohľadnenie doby výchovy detí v dôchodkovom systéme krajín EÚ. Koncept závislosti poistného na počte vychovávaných detí. Makroekonomická a mikroekonomická analýza. 
610 2 0 |a poistné 
610 2 0 |a poistenie dôchodkové 
610 2 0 |a Česko 
610 2 0 |a Európska únia 
610 2 0 |a deti 
100 1 |a Holub, Martin